| 000 | 00664nam a22001937a 4500 | ||
|---|---|---|---|
| 005 | 20251108173149.0 | ||
| 008 | 250721s2005 xx 000 0 ara d | ||
| 082 | 1 | 4 | _a213.63/ تيم |
| 100 | 1 |
_aابن تيمية، تقي الدين أبو العباس أحمد بن عبد الحليم _eمؤلف |
|
| 245 | 1 | 0 | _aشرح حديث إنما الأعمال بالنيات / |
| 264 | 1 |
_aالقاهرة : _bدار الرسالة، _c2005. |
|
| 300 | _a128ص. | ||
| 650 | 1 | 7 | _aالأحاديث |
| 650 | 1 | 7 | _aالتفسير |
| 650 | 1 | 7 | _aالأحكام الشرعية |
| 700 | 1 |
_aحجازي، أبو مريم طارق _eed. |
|
| 942 |
_2ddc _cBK |
||
| 999 |
_c97537 _d97537 |
||